Notice sur la télégraphie électrique en général, et plus spécialmente sur la télégraphie électrique souterraine (Record no. 175422)

MARC details
000 -LEADER
campo de control de longitud fija 00627nam a22001695i 4500
001 - NÚMERO DE CONTROL
campo de control 175422
003 - IDENTIFICADOR DE NÚMERO DE CONTROL
campo de control ES-MaACL
005 - FECHA Y HORA DE LA ÚLTIMA TRANSACCIÓN
campo de control 20230906215825.0
008 - DATOS DE LONGITUD FIJA--INFORMACIÓN GENERAL
campo de control de longitud fija 101027s1851 fr |||| | fre d
080 ## - NÚMERO DE LA CLASIFICACIÓN DECIMAL UNIVERSAL
Número de la Clasificación Decimal Universal 621.39
100 1# - ENTRADA PRINCIPAL--NOMBRE DE PERSONA
Nombre de persona Mayer, M.
9 (RLIN) 143742
245 10 - MENCIÓN DEL TÍTULO
Título Notice sur la télégraphie électrique en général, et plus spécialmente sur la télégraphie électrique souterraine
Resto del título : suivie de la législation sur le télégraphes, en France, en Prusse et en Belgique /
Mención de responsabilidad, etc. par M. Mayer.
260 ## - PUBLICACIÓN, DISTRIBUCIÓN, ETC.
Lugar de publicación, distribución, etc. Paris :
Nombre del editor, distribuidor, etc. Bachelier,
Fecha de publicación, distribución, etc. 1851.
300 ## - DESCRIPCIÓN FÍSICA
Extensión 43 p. ;
Dimensiones 19 cm.
650 #4 - PUNTO DE ACCESO ADICIONAL DE MATERIA--TÉRMINO DE MATERIA
Término de materia o nombre geográfico como elemento de entrada Telégrafo.
9 (RLIN) 17430
852 ## - LOCALIZACIÓN
Ubicación ES-MaACL
Número de control de estantería T-18-F-5
Holdings
Estatus retirado Estado de pérdida Estado de daño No para préstamo Colección Biblioteca de origen Biblioteca actual Ubicación en estantería Fecha de adquisición Fuente de adquisición Total de préstamos Signatura topográfica completa Código de barras Visto por última vez Precio de reemplazo Tipo de ítem Koha
        Colección de folletos Biblioteca del Ateneo de Madrid Biblioteca del Ateneo de Madrid Depósito folletos 27/10/2010     T-18-F-5 1184196 23/02/2023 23/02/2023 Folleto